Imiona na Literę "W" - Statystyki

Ogólne statystyki
  • Ten quiz został rozwiązany 514 razy
  • Średni wynik to 9 z 19
Statystyki odpowiedzi
Odpowiedź % Poprawnych
Wiktor
93%
Wiktoria
89%
Weronika
87%
Wiesław
65%
Władysław
65%
Wanda
61%
Wiesława
58%
Wojciech
58%
Wacław
52%
Waldemar
50%
Władysława
46%
Witold
43%
Wioleta
37%
Waleria
33%
Wacława
24%
Wincent
20%
Wisława
19%
Walentyna
15%
Wawrzyniec
8%
Nie znaleziono quizów pasujących do podanych kryteriów
Rozkład punktacji
Procent ludzi z każdym wynikiem
Percentyl według liczby udzielonych odpowiedzi
Twoja historia wyników
Nie rozwiązałeś tego quizu